00370nam a2200121Ia 4500008004100000020002200041041000800063082002600071100003200097245007000129260003900199300001000238230411s9999 xx 000 0 und d a978-93-5152-871-5 aeng aF/610.7361/LEE/B08228 aLeeuwen Anne & Bladh Mickey aDavis's Comprehensive Handbook of Laboratory and Diagnostic Tests bF A Davis CompanyaNew Delhic2015 a1786p